000 00754nam a22002057a 4500
999 _c1840
_d1840
003 AR-CdUCM
008 190228b ||||| |||| 00| 0 spa d
040 _aMUNICIPALIDAD PROVINCIAL DEL CUSCO
_cBIBLIOTECA MUNICIPAL DEL CUSCO
082 _a333.1 /
_bK14
100 _aKaerger, Karl
_96744
245 _aCondiciones agrarias de la sierra sur peruana /
260 _aLima :
_bInstituto de Estudios Peruanos;
_c1979.
300 _a58 páginas ;
_c19 cm.
505 _aLas relaciones de trabajo en la sierra -- La agricultura en la sierra -- La ganadería en la sierra -- Los valles bajos.
650 _aLa sierra peruana
_96745
650 _aSistemas de riego
_96746
650 _aLa agricultura
_93286
942 _2ddc
_cLIBROS
945 _arum
_d2019-02-28